000 00385pab a2200145 454500
008 180718b1985 xxu||||| |||| 00| 0 eng d
100 _aMehta, Dhawal
245 _aAnti - reservation agitation in Gujarat
260 _c1985
300 _a9-14
362 _aJuly
650 _aReservations - Employment - India - Gujarat
773 _aMonthly Public Opinion Surveys
909 _a17215
999 _c17215
_d17215